|
|
|
|
| LEADER |
00000nam a2200000 a 4500 |
| 001 |
vtls001369619 |
| 003 |
SK-MaSNL |
| 005 |
20260302071305.0 |
| 008 |
240316s1986 xx 0 und |
| 035 |
|
|
|a SNK000323359
|
| 040 |
|
|
|a SNK
|b slo
|c SNK
|e AACR2
|
| 100 |
1 |
|
|a Pešková, Ludmiła
|4 aut
|9 278667
|
| 245 |
1 |
|
|a Nauka dziewiarstwa ręcznego
|
| 260 |
|
|
|a Warszawa
|b Wydawnictvo kultura źycia codziennego
|c 1986
|
| 300 |
|
|
|a 218 s.
|
| 958 |
|
|
|a OND
|
| 999 |
|
|
|c 1151313
|d 1153243
|
| 952 |
|
|
|a SNK
|b SNK
|y PREZ
|7 0
|p 17A0836363
|o snkSB 40365
|0 0
|1 0
|4 0
|d 2012-05-06
|l 0
|r 2025-04-25 00:00:00
|w 2026-02-24
|
| 952 |
|
|
|t P60, <04>, [BOOK], {604}
|a SNK
|b SNK
|y VYP
|7 0
|p 17A0205048
|o snkSB 40365 D1
|0 0
|1 0
|4 0
|d 1999-08-04
|l 0
|r 2005-01-02 00:00:00
|w 2026-02-24
|